Interessante Städte und Dörfer der Schweiz - Statistiken

Allgemein
  • Dieses Quiz wurde 203 mal gespielt
  • Das Durchschnittsergebnis liegt bei 14 aus 20
Antwortstatistiken
Hint Antwort % Korrekt
Sitz des Internationalen Olympischen Kommitees Lausanne
93%
Sitz der FIFA Zürich
93%
Sitz des Uhrenherstellers Rolex Genf
88%
Hat ein Löwendenkmal. Luzern
88%
Gastgeber des weltweit zweitgrössten Militärmusikfestivals Basel
86%
Albert Einsteins Wohnort von 1903 bis 1905 Bern
85%
Gastgeber des World Economic Forums Davos
84%
Dorf am Fuss des Matterhorns Zermatt
84%
Gastgeber der Olympischen Winterspiele 1928 und 1948 St. Moritz
79%
Hat eine zweisprachige Universität. Freiburg
78%
Der Legende nach Schauplatz des Apfelschusses von Wilhelm Tell Altdorf
72%
Gastgeber der Lauberhornrennen Wengen
70%
Gastgeber eines grossen Jazz Festivals Montreux
67%
Hat der meistexportierten schweizer Käsesorte seinen Namen gegeben. Greyerz
63%
Hat sich für die Olympischen Winterspiele 2006 beworben und unerwartet verloren. Sitten
58%
Gastgeber eines ATP 250 Tennisturniers auf Sand Gstaad
51%
Gastgeber des ersten Eurovision Song Contests in 1956 Lugano
46%
Sitz von Nestle Vevey
44%
Schauplatz der Heidi-Geschichte Maienfeld
36%
Geburtsort von Louis Chevrolet La Chaux-de-Fonds
34%
Keine übereinstimmenden Quizze gefunden
Verteilung der Resultate
Anzahl Personen mit jedem Resultat
Perzentil nach korrekt beantworteten Fragen
Ihre Resultats-Entwicklung
Sie haben dieses Quiz noch nicht gespielt